banner-ar

الشباب العربى ورؤى المستقبل / (Record no. 8934)

MARC details
000 -الفاتح
حقل البيانات ثابتة الطول 01122nam a2200301Ia 4500
008 - عناصر البيانات ثابتة الطول - معلومات عامة
حقل البيانات ثابتة الطول 140319s9999 xx 000 0 ara d
020 ## - الرقم الدولى المعيارى للكتب
الرقم الدولى المعيارى للكتاب 8070829953
040 ## - مصدر الفهرسة
وكالة الفهرسة الأصلية GCL /
وكالة النسخ GCL
082 04 - رقم تصنيف ديوى العشرى
رقم التصنيف 305.242
رقم المادة ع ش
100 1# - المدخل الرئيسى - إسم شخصى
الإسم الشخصى محمود شمال حسن
245 10 - بيان العنوان
العنوان الشباب العربى ورؤى المستقبل /
بيان المسئوليه,etc محمود شمال حسن
700 1# - المدخل الاضافى - اسم شخصى
الإسم الشخصى عزة شرارة بيضون
700 1# - المدخل الاضافى - اسم شخصى
الإسم الشخصى عقيل نورى محمد
250 ## - بيان الطبعة
بيان الطبعة الاولى
260 ## - PUBLICATION, DISTRIBUTION, ETC. (IMPRINT)
تاريخ النشر أو التوزيع 2006
300 ## - الوصف المادى
التعداد 168 ص ؛
أبعاد الوعاء 24 سم
490 ## - بيان السلسلة
عنوان السلسلة سلسلة كتب المستقبل العربى
رقم المجلد/ التعيين التسلسلي 48
650 04 - المدخل الاضافى بالموضوع-مصطلح موضوعى
مصطلح موضوعي الشباب
650 04 - المدخل الاضافى بالموضوع-مصطلح موضوعى
مصطلح موضوعي الوعى الاجتماعى
650 04 - المدخل الاضافى بالموضوع-مصطلح موضوعى
مصطلح موضوعي الشباب - النشاط السياسى
650 04 - المدخل الاضافى بالموضوع-مصطلح موضوعى
مصطلح موضوعي الشباب العربى
650 04 - المدخل الاضافى بالموضوع-مصطلح موضوعى
مصطلح موضوعي الوعى القومى
650 04 - المدخل الاضافى بالموضوع-مصطلح موضوعى
مصطلح موضوعي الشباب - المشاكل اجتماعية
650 04 - المدخل الاضافى بالموضوع-مصطلح موضوعى
مصطلح موضوعي النزاع العربى الاسرائيلى - دور الشباب
650 04 - المدخل الاضافى بالموضوع-مصطلح موضوعى
مصطلح موضوعي طلبة الجامعات - النشاط السياسى
942 ## - عناصر المدخل الإضافي( كوها)
مصدر التصنيف او مخطط الترفيف Dewey Decimal Classification
Koha [default] item type كتاب
260 ## - PUBLICATION, DISTRIBUTION, ETC. (IMPRINT)
-- بيروت :
-- مركز دراسات الوحدة العربية ،
Holdings
حالة التراجع حالة الفقد حالة تلف ليس للاعارة المكان المؤقت الموقع الحالى تاريخ الاكتساب اجمالي اﻻعارات رقم الطلب الباركود تاريخ اخر مشاهدة تاريخ تفعيل السعر نوع وعاء كوها
        مكتبة القاهرة الكبرى مكتبة القاهرة الكبرى 03/26/2014   305.242\ع ش 18689 03/26/2014 03/26/2014 كتاب

Powered By

EGPV